书目信息 |
| 题名: |
长征精神
|
|
| 作者: | 黄宏 主编 | |
| 分册: | ||
| 出版信息: | 北京 人民出版社 2006 |
|
| 页数: | 320页 | |
| 开本: | 21cm | |
| 丛书名: | 弘扬革命精神系列丛书 | |
| 单 册: | ||
| 中图分类: | D642 | |
| 科图分类: | ||
| 主题词: | 思想政汉教育--中国--学习参考资料 | |
| 电子资源: | ||
| ISBN: | 7-01-005292-1 | |
| 000 | 01017nam0 2200313 450 | |
| 000 | 00980nam0 2200301 450 | |
| 000 | 00947nam0 2200301 450 | |
| 000 | 00893nam0 2200277 450 | |
| 000 | 00911nam0 2200265 450 | |
| 000 | 00874nam0 2200253 45 | |
| 005 | 20061228094542.60 | |
| 010 | @a7-01-005292-1@dCNY23.00 | |
| 100 | @a20060829d2006 ekmy0chiy0120 ea | |
| 101 | 0 | @achi |
| 102 | @aCN@b110000 | |
| 105 | @ay z 000yy | |
| 200 | 1 | @a长征精神@AChang Zheng Jing Shen@f黄宏主编@FHuang Hong Zhu Bian |
| 210 | @a北京@c人民出版社@d2006 | |
| 215 | @a320页@d21cm | |
| 225 | 2 | @a弘扬革命精神系列丛书 |
| 330 | @a本书根据李长春同志指示和中宣部领导有关谈话精神,特组本书稿。 | |
| 410 | 0 | @12001 @a弘扬革命精神系列丛书 |
| 606 | 0 | @a思想政汉教育@y中国@x学习参考资料 |
| 690 | @aD642@v4 | |
| 701 | 0 | @a黄宏@AHuang Hong@4主编 |
| 801 | 0 | @aCN@b中图数据@c20061228 |
| 905 | @a10447@dD642@e111 | |
| 长征精神/黄宏主编.-北京:人民出版社,2006 |
| 320页;21cm.-(弘扬革命精神系列丛书) |
| ISBN 7-01-005292-1:CNY23.00 |
| 本书根据李长春同志指示和中宣部领导有关谈话精神,特组本书稿。 |
| ● |
| 相关链接 |
|
|
|
|
正题名:长征精神
索取号:D642/111
 
预约/预借
| 序号 | 登录号 | 条形码 | 馆藏地/架位号 | 状态 | 备注 |
| 1 | 0612883 | 206128830 | 第一样本阅览室/ [索取号:D642/111] | 在馆 | |
| 2 | 0612884 | 206128849 | 第一借阅区/ [索取号:D642/111] | 在馆 | |
| 3 | 0612885 | 206128858 | 第一借阅区/ [索取号:D642/111] | 在馆 | |
| 4 | 0612886 | 206128867 | 第一借阅区/ [索取号:D642/111] | 在馆 | |
| 5 | 0612887 | 206128876 | 第一借阅区/ [索取号:D642/111] | 在馆 |